01026nam a2200265 i 4500001000700000003000900007005001700016008004100033020002200074080003800096080001100134100003600145245005800181260004700239300003600286500003600322600003600358650002500394650003300419852009600452903004000548942002000588999001900608952013300627180880ES-MaACL20250827052408.0120806s2008 sp aco |||| |bspa d a978-84-95349-76-7 a929:656.614Ventura Torres, Arturo a379.851 aVentura Torres, Arturo.915123810aDel cuaderno de bitácora / cArturo Ventura Torres. aZaragoza : bAneto Publicaciones, c[2008] a328 p. : bil., fot. ; c24 cm. aDiccionario marinero: p. 94-96.14aVentura Torres, Arturo.915123807aViajes2embne91777807aViajes por mar2embne917784 aES-MaACLjA-121589187757bR.147080cDEPO1dOlim: N-5163xDonación: Arturo Ventura Torres 9151238aVentura Torres, Arturoednr 2udccMONOGRAFIA c180880d180880 00102udc4070aATENEOMbATENEOMcDEPO1d2012-08-06eDONACIONl0oA-12158p1190072r2023-02-23 00:00:00w2023-02-23yMONOGRAFIA